Statistiken für Länder ohne deutsche Botschaften

Klicken Sie hier um das Quiz zu spielen!

Allgemein

  • Dieses Quiz wurde 82 mal gespielt
  • Das Durchschnittsergebnis liegt bei 30 aus 43

Antwortstatistiken

Land% Korrekt
Mikronesien
83%
Palau
83%
St. Lucia
83%
Tuvalu
82%
Mauritius
82%
Marshallinseln
82%
Vanuatu
82%
Grenada
82%
St. Kitts und Nevis
82%
Samoa
80%
Nauru
80%
Salomonen
80%
Andorra
80%
San Marino
80%
Tonga
80%
Antigua und Barbuda
80%
St. Vincent und die Grenadinen
80%
Fidschi
80%
Dominica
79%
São Tomé und Príncipe
77%
Seychellen
77%
Monaco
77%
Liechtenstein
77%
Barbados
77%
Komoren
76%
Lesotho
74%
Kiribati
74%
Swasiland
73%
Malediven
71%
Kap Verde
71%
Bahamas
70%
Belize
61%
Bhutan
61%
Osttimor
59%
Papua-Neuguinea
58%
Taiwan
56%
Gambia
56%
Guyana
50%
Suriname
47%
Somalia
38%
Guinea-Bissau
38%
Syrien
33%
Zentralafrikanische Republik
30%

Verteilung der Resultate

Perzentil nach korrekt beantworteten Fragen

Anzahl Personen mit jedem Resultat

Ihre Resultats-Entwicklung

Sie haben dieses Quiz noch nicht gespielt